| 000 | 00394nam a2200157Ia 4500 | ||
|---|---|---|---|
| 008 | 230711s9999||||xx |||||||||||||| ||und|| | ||
| 041 | _aENG | ||
| 082 |
_a4 _bSU-N |
||
| 100 | _aSubbarao, A | ||
| 245 | 0 | _aNetwork analysis synthesis | |
| 250 | _a1st Ed. | ||
| 260 |
_c1995 _aNew Delhi _bDhanpat Rai & Co.(Pvt.)Ltd. |
||
| 650 | _aElectrical Engineering | ||
| 700 | _aPrasad, V. C. | ||
| 942 | _cBK | ||
| 999 |
_c3216 _d3216 |
||